Sports Quiz

Random Sports or Artist Quiz

Gymnastics US National Champions (Women) Quiz Stats

Quiz not verified by Sporcle

Challenge
Share
Tweet
Embed
Score 0/52 Timer 10:00
0 Plays Today
Year Gymnast % Correct
2015Simone Biles
100%
2011Jordyn Wieber
97.6%
2013Simone Biles
97.4%
2007Shawn Johnson
97.3%
2008Shawn Johnson
97.3%
2012Jordyn Wieber
97.2%
2014Simone Biles
97.1%
2005Nastia Liukin
96.7%
2006Nastia Liukin
96.7%
2004 (tie)Carly Patterson
90.5%
1993Shannon Miller
89.9%
1996Shannon Miller
89.9%
1994Dominique Dawes
87%
2009Bridget Sloan
86.2%
1995Dominique Moceanu
85.6%
1989Brandy Johnson
81.2%
1984Mary Lou Retton
80.8%
2003Courtney Kupets
79.4%
2004 (tie)Courtney Kupets
79.4%
1990Kim Zmeskal
79.2%
1991Kim Zmeskal
79.2%
1992Kim Zmeskal
79.2%
1978Kathy Johnson
77.9%
1998Kristen Maloney
72.4%
1999Kristen Maloney
72.4%
2000Elise Ray
70.7%
Year Gymnast % Correct
2010Rebecca Bross
70.1%
2001Tasha Schwikert
65.4%
2002Tasha Schwikert
65.4%
1997 (tie)Vanessa Atler
61.7%
1985Sabrina Mar
43.7%
1987Kristie Phillips
43.7%
1970Cathy Rigby
40.8%
1972Cathy Rigby
40.8%
1988Phoebe Mills
38.8%
1997 (tie)Kristy Powell
38.6%
1980Julianne McNamara
38.4%
1986Jennifer Sey
32.2%
1981Tracee Talavera
27.8%
1982Tracee Talavera
27.8%
1983Dianne Durham
20.8%
1973Joan Moore
13.6%
1974Joan Moore-Rice
9.7%
1963Donna Schaenzer
8%
1966Donna Schaenzer
8%
1969Joyce Tanac
5.4%
1977Donna Turnbow
4.7%
1971Linda Metheny
4.3%
1979Leslie Pyfer
3.5%
1965Gail Daley
3.3%
1976Denise Cheshire
1.7%
1975Tammy Manville
1.6%

You're not logged in!

Compare scores with friends on all Sporcle quizzes.
Sign Up with Email
OR
Log In

You Might Also Like...

Show Comments

Extras

Top Quizzes Today


Score Distribution

Your Account Isn't Verified!

In order to create a playlist on Sporcle, you need to verify the email address you used during registration. Go to your Sporcle Settings to finish the process.

Report this User

Report this user for behavior that violates our Community Guidelines.

Details: